000 00357nam a22001457a 4500
020 _a0070494576
040 _cNust
082 _a621.4023
_bGAN
100 _aV Ganesan
_9124605
245 _aInternal Combustion Engines
250 _a2nd Edition
260 _aNew Delhi:
_bMcGraw-Hill,
_c2004.
650 _aInternal Combustion Engines
942 _2ddc
_cBK
999 _c610415
_d610415